Statistics for HP B2 C1

Click here to take the quiz!

General Stats

  • This quiz has been taken 8 times
  • The average score is 43 of 90

Answer Stats

TermAnswer% Correct
CumplidoCompliment
100%
ConspiraciónConspiracy
100%
PatoDuck
100%
VoladorFlying
100%
CarecerLack
100%
MilagrosamenteMiraculously
100%
PenetrantePenetrating
100%
PredicciónPrediction
100%
EncarnadoRed
100%
RelevanteRelevant
100%
RescateRescue
100%
VergonzosoShameful
100%
De Forma QueSo
100%
VolanteSteering Wheel
100%
AdvertenciaWarning
100%
AfectaciónAffectation
50%
EructoBurp
50%
DoselCanopy
50%
CámaraChamber
50%
TareaChore
50%
PatosoClumsy
50%
SemblanteCountenance
50%
NataCream
50%
AbatidoDespondent
50%
DesagradoDispleasure
50%
EnteroEntire
50%
ErguirErect
50%
RedacciónEssay
50%
Aún CuandoEven Though
50%
FelicitaciónFelicitation
50%
A Toda PastillaFlat Out
50%
ArriateFlowerbed
50%
FrigoríficoFridge
50%
PorteríaGoal
50%
EngullirGobble
50%
SetoHedge
50%
DescomunalHuge
50%
ConjuroIncantation
50%
IncréduloIncredulous
50%
RellanoLanding
50%
EnjabonarLather
50%
LívidoLivid
50%
MontículoMound
50%
ProcedenteProceeding From
50%
ProlongadoProlonged
50%
PodarPrune
50%
Como Dios MandaReal
50%
ResonarResonate
50%
RinoceronteRhinoceros
50%
RobustoRobust
50%
RosalRosebush
50%
SonrosadoRosy
50%
SornaSarcasm
50%
AbrasarSear
50%
SacudirShake
50%
SonoroSonorous
50%
ProtagonizarStar In
50%
ApestosoStinking
50%
TraspiésStumble
50%
TrastabillarStumble
50%
EstruendosoThunderous
50%
RecortarTrim
50%
ProcurarTry
50%
EsmoquinTuxedo
50%
MismísimoVery Same
50%
VestigioVestige
50%
InmediacionesVicinity
50%
RevolcarWallow
50%
RegarWater
50%
AñorarYearn
50%
AbordarApproach
0%
AnzueloBait
0%
FunestoBaleful
0%
ÉnfasisEmphasis
0%
EnsimismadoEngrossed
0%
AbonoFertiliser
0%
AlaridoHowl
0%
ReceloMistrust
0%
TalanteMood
0%
EsbozarOutline
0%
CandadoPadlock
0%
AcasoPerhaps
0%
ReponerReply
0%
RebanadaSlice
0%
EmbelesadoSpellbound
0%
RociarSpray
0%
RicuraSweetie
0%
EmpañadoTarnished
0%
BatacazoThump
0%
ProferirUtter
0%

Score Distribution

Percentile by Number Answered

Percent of People with Each Score

Your Score History

You have not taken this quiz